[Event "38th Olympiad w"]
[Site "Dresden GER"]
[Date "2008.11.15"]
[Round "3"]
[White "Jose Polanco,Ken"]
[Black "Machalova,M"]
[Result "0-1"]
[WhiteElo "2028"]
[BlackElo "2187"]
[EventDate "2008.11.13"]

1. d4 Nf6 2. Nf3 e6 3. Bf4 b6 4. h3 Bb7 5. Nbd2 Be7 6. e3 O-O 7. Bd3 d6 8.
O-O Nbd7 9. Qe2 Nd5 10. c3 c5 11. Bh2 cxd4 12. exd4 N7f6 13. Ng5 h6 14.
Nge4 Qd7 15. Rad1 Nxe4 16. Nxe4 Nf6 17. Nxf6+ Bxf6 18. Rfe1 Rfd8 19. Bf4
Qc6 20. Be4 Qxe4 21. Qxe4 Bxe4 22. Rxe4 Rac8 23. Re3 b5 24. a3 a5 25. Red3
b4 26. axb4 axb4 27. cxb4 Rc4 28. Rb3 Bxd4 29. b5 e5 30. Be3 Rb8 31. b6 Rb7
32. Ra1 Rc6 33. Bxd4 exd4 34. Rd1 Rbxb6 35. Rxb6 Rxb6 36. Rxd4 Kf8 37. Kf1
Ke7 38. b4 Ke6 39. Ke2 Ke5 40. Kd3 d5 41. f4+ Kd6 42. Kc3 Rc6+ 43. Kb3 Rc1
44. Rd3 Rf1 45. g3 Rg1 46. Ka4 h5 47. Kb5 Ke6 48. Re3+ Kd6 49. Ra3 g6 50.
Ra6+ Ke7 51. Ra7+ Ke6 52. Ra3 Kf5 53. Re3 d4 54. Re5+ Kf6 55. Kc4 Rxg3 56.
Kxd4 Rxh3 57. b5 Rb3 58. Kc5 h4 59. b6 h3 60. Kc6 h2 61. Re1 Kf5 62. Rh1
Kxf4 63. Rxh2 f5 64. Rc2 g5 65. Rc5 Rxb6+ 66. Kxb6 g4 67. Rc1 g3 68. Kc5 g2
69. Kd4 Kg3 70. Rc3+ Kg4 71. Rc1 f4 72. Ke4 f3 73. Rc8 f2 74. Rg8+ Kh3 75.
Kd4 0-1

[Event "38th Olympiad w"]
[Site "Dresden GER"]
[Date "2008.11.15"]
[Round "3"]
[White "Gregorova,Z"]
[Black "Munoz,Do"]
[Result "1-0"]
[WhiteElo "2163"]
[BlackElo "1917"]
[EventDate "2008.11.13"]

1. Nf3 e6 2. g3 Nf6 3. Bg2 Be7 4. O-O O-O 5. d3 d5 6. Nbd2 c5 7. e4 dxe4 8.
dxe4 Nc6 9. Re1 e5 10. c3 Qc7 11. Qc2 b6 12. Nc4 Ba6 13. Ne3 Rad8 14. Bf1
Bxf1 15. Kxf1 Qd7 16. Kg2 h6 17. Nf5 Rfe8 18. Qe2 Bf8 19. Nd2 g6 20. Ne3
Qd3 21. Qxd3 Rxd3 22. a4 Red8 23. Nec4 Bg7 24. Re3 h5 25. Kf3 Bh6 26. Rxd3
Rxd3+ 27. Ke2 Rd8 28. f3 Bxd2 29. Bxd2 Ne8 30. Be3 f6 31. a5 b5 32. Na3 a6
33. Bxc5 Nxa5 34. Bb6 Nb3 35. Bxd8 Nxa1 36. Kd3 Kf7 37. b4 Nd6 38. Bc7 Nb3
39. Bxd6 1-0

[Event "38th Olympiad w"]
[Site "Dresden GER"]
[Date "2008.11.15"]
[Round "3"]
[White "Peptan,C"]
[Black "Zykina,N"]
[Result "1-0"]
[WhiteElo "2430"]
[BlackElo "2108"]
[EventDate "2008.11.13"]

1. e4 d6 2. d4 Nd7 3. Nf3 h6 4. Nc3 e5 5. Bc4 c6 6. dxe5 b5 7. Bb3 Qc7 8.
e6 fxe6 9. Bxe6 Nc5 10. Bxc8 Rxc8 11. b4 Ne6 12. O-O Be7 13. Rb1 g5 14. Be3
Nf6 15. Nd4 Nxd4 16. Bxd4 h5 17. Re1 Rh7 18. h3 Nd7 19. a4 bxa4 20. Nxa4 c5
21. bxc5 dxc5 22. Be3 Rb8 23. Qd5 Rg7 24. Rxb8+ Qxb8 25. Nxc5 Nf6 26. Qc6+
Kf7 27. Qe6+ Ke8 28. e5 Nh7 29. Qc6+ Kf7 30. Qd5+ Ke8 31. Bd4 Rg6 32. Qd7+
Kf7 33. Re3 g4 34. hxg4 hxg4 35. Qf5+ Kg7 36. Ne6+ Kh6 37. Rh3+ 1-0

[Event "38th Olympiad w"]
[Site "Dresden GER"]
[Date "2008.11.15"]
[Round "3"]
[White "Jennitha,A"]
[Black "Voicu,C"]
[Result "0-1"]
[WhiteElo "1998"]
[BlackElo "2239"]
[EventDate "2008.11.13"]

1. e4 c5 2. Nf3 e6 3. d4 cxd4 4. Nxd4 Nc6 5. Nc3 Qc7 6. Be3 a6 7. Be2 Nf6
8. O-O d6 9. f4 Be7 10. Kh1 O-O 11. Bf3 Rb8 12. Qe1 Nd7 13. Rd1 Re8 14. g4
Nxd4 15. Bxd4 b5 16. Rd2 Bb7 17. Qg3 Bc6 18. Bg2 b4 19. Nd1 Qa5 20. f5 e5
21. Be3 Qxa2 22. g5 Qc4 23. b3 Qb5 24. f6 Bxe4 25. Rdf2 Bxg2+ 26. Qxg2 Bf8
27. fxg7 Bxg7 28. Rxf7 Rf8 29. Rxf8+ Rxf8 30. Rxf8+ Nxf8 31. h4 Qe8 32. Nf2
Qh5 33. Qd5+ Qf7 34. Qxf7+ Kxf7 35. Nd3 a5 36. Bb6 e4 37. Nf4 Ne6 38. Ne2
d5 39. Bxa5 Bf8 40. Bb6 Kg6 41. Kg2 Kf5 42. Kf2 Kg4 43. Ke3 Kxh4 44. Nf4
Nxf4 45. Kxf4 Be7 46. Ke5 Kxg5 47. Kxd5 Kf4 48. Bf2 h5 49. Kc4 h4 50. c3 h3
51. Bg1 Kf3 52. Kd4 0-1

[Event "38th Olympiad w"]
[Site "Dresden GER"]
[Date "2008.11.15"]
[Round "3"]
[White "Paulet,I"]
[Black "Kaydanovich,M"]
[Result "1-0"]
[WhiteElo "2307"]
[BlackElo "1855"]
[EventDate "2008.11.13"]

1. e4 e5 2. Nf3 Nc6 3. Bb5 Nge7 4. O-O a6 5. Ba4 b5 6. Bb3 h6 7. a4 b4 8.
d4 exd4 9. Nxd4 Nxd4 10. Qxd4 Nc6 11. Qd5 Qf6 12. e5 Qf5 13. h3 Be7 14. f4
O-O 15. Be3 h5 16. Qf3 h4 17. Nd2 Bb7 18. Bd5 Rab8 19. Be4 Qe6 20. Nb3 Nd8
21. Nd4 Qc4 22. b3 Bxe4 23. Qxe4 Qc3 24. Rad1 d5 25. Qf3 Ne6 26. Nf5 Bc5
27. Kh2 Bxe3 28. Ne7+ 1-0

[Event "38th Olympiad w"]
[Site "Dresden GER"]
[Date "2008.11.15"]
[Round "3"]
[White "Jackova,J"]
[Black "Sammalvuo,N"]
[Result "1-0"]
[WhiteElo "2360"]
[BlackElo "2245"]
[EventDate "2008.11.13"]

1. e4 e5 2. Nf3 Nc6 3. Bc4 Bc5 4. c3 Nf6 5. d3 a6 6. O-O Ba7 7. h3 O-O 8.
Re1 d6 9. Bb3 h6 10. Nbd2 Be6 11. Nf1 d5 12. exd5 Nxd5 13. N1h2 Qf6 14.
Bxd5 Bxd5 15. Ng4 Qg6 16. Nfxe5 Nxe5 17. Rxe5 c6 18. Qf1 Rad8 19. Re1 Rfe8
20. Rxe8+ Rxe8 21. Bf4 Kh7 22. Bh2 h5 23. Ne5 Qf5 24. c4 f6 25. cxd5 fxe5
26. dxc6 bxc6 27. Qe2 Bd4 28. Rf1 c5 29. b3 Re6 30. Kh1 Kg8 31. f3 a5 32.
Bg1 Rd6 33. Bxd4 Rxd4 34. Re1 Rd5 35. Qe4 Qxe4 36. dxe4 Rd6 37. Rc1 Rc6 38.
Kg1 Kf7 39. Kf2 h4 40. Ke3 Ke7 41. Rc2 Ke6 42. Kd3 a4 43. Kc4 axb3 44. axb3
Rb6 45. Ra2 Rb4+ 46. Kc3 Rb6 47. Ra5 Kf7 48. Rxc5 Rg6 49. b4 Rxg2 50. b5
Rf2 51. b6 Rxf3+ 52. Kc4 Rf1 53. b7 Rc1+ 54. Kd5 1-0

[Event "38th Olympiad w"]
[Site "Dresden GER"]
[Date "2008.11.15"]
[Round "3"]
[White "Rautanen,S"]
[Black "Nemcova,Kat"]
[Result "0-1"]
[WhiteElo "1981"]
[BlackElo "2369"]
[EventDate "2008.11.13"]

1. Nf3 Nf6 2. c4 g6 3. Nc3 Bg7 4. e4 d6 5. d4 O-O 6. Be2 e5 7. O-O Nc6 8.
d5 Ne7 9. b4 Nh5 10. Re1 f5 11. Ng5 Nf6 12. Bf3 c6 13. Qb3 h6 14. Ne6 Bxe6
15. dxe6 fxe4 16. Nxe4 Nxe4 17. Bxe4 Qc8 18. Qh3 d5 19. Bc2 Nf5 20. Bb2
Qxe6 21. cxd5 cxd5 22. Bb3 Kh7 23. Rad1 Rad8 24. Re2 Qa6 25. Rc2 Rc8 26.
Rxc8 Rxc8 27. g4 Ne7 28. g5 h5 29. Qd7 Qe2 30. Ba3 Rc4 31. Bxc4 Qxd1+ 32.
Bf1 Nf5 33. b5 Qg4+ 34. Kh1 Qf3+ 35. Kg1 Qxa3 0-1

[Event "38th Olympiad w"]
[Site "Dresden GER"]
[Date "2008.11.15"]
[Round "3"]
[White "Kulovana,E"]
[Black "Puuska,H"]
[Result "1-0"]
[WhiteElo "2286"]
[BlackElo "2008"]
[EventDate "2008.11.13"]

1. e4 e6 2. d4 d5 3. Nd2 Nf6 4. e5 Nfd7 5. Bd3 c5 6. c3 Nc6 7. Ne2 a5 8.
O-O a4 9. f4 cxd4 10. cxd4 g6 11. Nf3 a3 12. bxa3 Bxa3 13. Nc3 Be7 14. a4
Nb6 15. Ba3 Na5 16. Bxe7 Qxe7 17. Nb5 Nbc4 18. Qe2 O-O 19. g4 f5 20. exf6
Qxf6 21. Ne5 Nxe5 22. fxe5 Qe7 23. Rxf8+ Qxf8 24. Rf1 Qh6 25. Nd6 Bd7 26.
Nf7 Qg7 27. g5 Rf8 28. Nh6+ Kh8 29. Rf6 Rxf6 30. exf6 Qf8 31. f7 Nc6 32.
Qf2 1-0

[Event "38th Olympiad w"]
[Site "Dresden GER"]
[Date "2008.11.15"]
[Round "3"]
[White "Uusitupa,E"]
[Black "Pertlova,S"]
[Result "0-1"]
[WhiteElo "1702"]
[BlackElo "2239"]
[EventDate "2008.11.13"]

1. e4 c5 2. Nf3 e6 3. d4 cxd4 4. Nxd4 Nc6 5. Be3 Nf6 6. Nd2 Be7 7. Be2 O-O
8. O-O d5 9. exd5 Nxd5 10. Nxc6 bxc6 11. Bd4 Nf4 12. Nb3 Nxe2+ 13. Qxe2 Qc7
14. Qe5 Qxe5 15. Bxe5 Rd8 16. Rfd1 Rd5 17. Bc7 Ba6 18. f3 Rc8 19. Bf4 h6
20. Be3 c5 21. Rxd5 exd5 22. Rd1 d4 23. Bf2 Bb5 24. c3 d3 25. Rd2 Bg5 26.
Rd1 d2 27. h4 Be2 28. hxg5 Bxd1 29. Nxd2 hxg5 30. Ne4 c4 31. Nxg5 a5 32.
Bb6 a4 33. Ne4 Rb8 34. Bc5 Rxb2 35. a3 Bc2 36. Nd6 Bd3 37. Bb4 Rxb4 0-1

[Event "38th Olympiad w"]
[Site "Dresden GER"]
[Date "2008.11.15"]
[Round "3"]
[White "Calzetta,M"]
[Black "Shabanaj,E"]
[Result "1-0"]
[WhiteElo "2328"]
[BlackElo "2093"]
[EventDate "2008.11.13"]

1. e4 e6 2. d4 d5 3. Nd2 Nf6 4. e5 Nfd7 5. Bd3 c5 6. c3 Nc6 7. Ne2 Qb6 8.
Nf3 cxd4 9. cxd4 Bb4+ 10. Kf1 h6 11. h4 a5 12. h5 a4 13. a3 Be7 14. Rh3 Qa7
15. Rg3 Kf8 16. Qd2 b6 17. Qf4 Kg8 18. Bb5 Bb7 19. Qg4 Bf8 20. Bd2 Rc8 21.
Nf4 Re8 22. Kg1 Ba8 23. Rc1 Qc7 24. Bb4 f5 25. Qg6 Ncxe5 26. Rxc7 Nxg6 27.
Nxg6 Bxb4 28. axb4 Rf8 1-0

[Event "38th Olympiad w"]
[Site "Dresden GER"]
[Date "2008.11.15"]
[Round "3"]
[White "Pasku,R"]
[Black "Pares Vives,N"]
[Result "1/2-1/2"]
[WhiteElo "1883"]
[BlackElo "2299"]
[EventDate "2008.11.13"]

1. d4 Nf6 2. c4 c5 3. Nf3 cxd4 4. Nxd4 g6 5. Nc3 Bg7 6. e4 d6 7. Be2 O-O 8.
O-O Nc6 9. Be3 Bd7 10. Qd2 Qa5 11. f3 Rfc8 12. Rac1 Nxd4 13. Bxd4 a6 14.
Rfd1 b5 15. Bxf6 Bxf6 16. Nd5 Qxd2 17. Nxf6+ exf6 18. Rxd2 Be6 19. Rdc2 b4
20. Rd2 Rc6 21. Kf2 Kf8 22. Rd4 a5 23. Bd1 a4 24. Ke3 Ke7 25. f4 Ra5 26. g3
Rb6 27. g4 f5 28. exf5 gxf5 29. g5 Rc6 30. Bf3 Rcc5 31. h4 Rc7 32. Bd1 a3
33. b3 Rac5 34. Be2 Rd7 1/2-1/2

[Event "38th Olympiad w"]
[Site "Dresden GER"]
[Date "2008.11.15"]
[Round "3"]
[White "Vega Gutierrez,S"]
[Black "Shabanaj,A"]
[Result "1-0"]
[WhiteElo "2278"]
[BlackElo "1990"]
[EventDate "2008.11.13"]

1. e4 c6 2. d4 d5 3. Nc3 dxe4 4. Nxe4 Bf5 5. Ng3 Bg6 6. h4 h6 7. Nf3 Nf6 8.
Ne5 Bh7 9. Bd3 Bxd3 10. Qxd3 Nbd7 11. f4 e6 12. Bd2 Nxe5 13. fxe5 Nd5 14.
O-O-O Qc7 15. c4 Nb4 16. Bxb4 Bxb4 17. c5 Qd7 18. Ne4 O-O-O 19. Qb3 Ba5 20.
Qa4 Bc7 21. Qxa7 Qd5 22. Nd6+ Kd7 23. Rhf1 f5 24. exf6 g5 25. f7 Ra8 26.
Qxb7 Rab8 27. Qa6 Ra8 28. Qc4 Bxd6 29. Qxd5 cxd5 30. cxd6 Kxd6 31. hxg5
hxg5 32. Kb1 Ke7 33. Rc1 Rac8 34. Rxc8 Rxc8 35. f8=Q+ Rxf8 36. Rxf8 Kxf8
37. Kc2 Ke7 38. b4 Kd6 39. b5 1-0

[Event "38th Olympiad w"]
[Site "Dresden GER"]
[Date "2008.11.15"]
[Round "3"]
[White "Driza,A"]
[Black "Delgado Crespo,M"]
[Result "0-1"]
[WhiteElo "1959"]
[BlackElo "2277"]
[EventDate "2008.11.13"]

1. e4 e6 2. d4 d5 3. Nd2 Nf6 4. e5 Nfd7 5. Ngf3 c5 6. Nb3 Nc6 7. Bb5 cxd4
8. Bxc6 bxc6 9. Qxd4 Ba6 10. Bg5 Qb6 11. Qxb6 axb6 12. a3 h6 13. Bd2 g5 14.
h3 Bg7 15. Bc3 c5 16. O-O-O Be2 17. Rde1 Bxf3 18. gxf3 d4 19. Bd2 Nxe5 20.
f4 Nf3 21. Re4 c4 22. Na1 Kd7 23. Bb4 f5 24. Re2 gxf4 25. b3 d3 26. Rd1
Bxa1 27. bxc4 d2+ 28. Rexd2+ Nxd2 29. Rxd2+ Kc7 30. c3 Rhg8 31. Rd1 Rad8
32. Rf1 Rg2 33. Kb1 Rd2 34. Kxa1 Rdxf2 35. Rxf2 Rxf2 36. Bf8 f3 37. Bxh6
Re2 38. Bf4+ e5 0-1

[Event "38th Olympiad w"]
[Site "Dresden GER"]
[Date "2008.11.15"]
[Round "3"]
[White "Lang,Hea"]
[Black "Pham Le Thao Nguyen"]
[Result "0-1"]
[WhiteElo "2063"]
[BlackElo "2304"]
[EventDate "2008.11.13"]

1. e4 c5 2. Nc3 Nc6 3. g3 g6 4. Bg2 Bg7 5. d3 d6 6. Be3 Rb8 7. Qd2 b5 8.
Nge2 b4 9. Nd1 Nd4 10. O-O e6 11. Nc1 Ne7 12. c3 bxc3 13. bxc3 Ndc6 14. Bh6
O-O 15. Bxg7 Kxg7 16. Ne3 Ba6 17. Nb3 Rb6 18. f4 f6 19. f5 e5 20. fxg6 hxg6
21. Rf3 Bc8 22. Raf1 Be6 23. g4 Ng8 24. g5 Rb7 25. d4 cxd4 26. cxd4 Bxb3
27. axb3 Nxd4 28. gxf6+ Rxf6 29. Rg3 Rbf7 30. Rxf6 Qxf6 31. Nd5 Qh4 32. Qe1
Qh5 33. Re3 Nh6 34. Qb4 Ng4 35. h3 Nxe3 36. Nxe3 Qe2 37. Ng4 Nf3+ 38. Bxf3
Qxf3 39. Qe1 Qxh3 40. Qd1 Qg3+ 41. Kh1 Rf4 0-1

[Event "38th Olympiad w"]
[Site "Dresden GER"]
[Date "2008.11.15"]
[Round "3"]
[White "Le Kieu Thien Kim"]
[Black "Giulian,R"]
[Result "1/2-1/2"]
[WhiteElo "2291"]
[BlackElo "2032"]
[EventDate "2008.11.13"]

1. d4 e6 2. Nf3 Nf6 3. e3 c5 4. b3 d5 5. Bd3 Nc6 6. a3 Bd6 7. Bb2 O-O 8.
Nbd2 b6 9. Ne5 Bb7 10. O-O cxd4 11. exd4 Nd7 12. f4 f5 13. Qe2 Re8 14. Rf3
Nf6 15. Rh3 Bf8 16. Ndf3 Nxe5 17. Nxe5 g6 18. g4 Ne4 19. Qg2 Bg7 20. Rf1
Qf6 21. a4 Rac8 22. Bb5 Re7 23. g5 Qf8 24. Ba3 Bxe5 25. fxe5 Qf7 26. Bxe7
Qxe7 27. Re3 Nxg5 28. h4 Ne4 29. Rf4 a6 30. Bf1 Qb4 31. Rd3 Rc7 32. Kh2 a5
33. Rd1 Nc3 34. Rd2 Ne4 35. Rd1 Nc3 36. Rd3 Ne4 37. Rd1 1/2-1/2

[Event "38th Olympiad w"]
[Site "Dresden GER"]
[Date "2008.11.15"]
[Round "3"]
[White "Wilman,C"]
[Black "Hoang Thi Bao Tram"]
[Result "0-1"]
[WhiteElo "2037"]
[BlackElo "2250"]
[EventDate "2008.11.13"]

1. d4 d5 2. Bf4 c5 3. e3 cxd4 4. Bb5+ Nc6 5. Bxc6+ bxc6 6. exd4 Qb6 7. b3
Nf6 8. Ne2 e6 9. O-O c5 10. Nbc3 Bd7 11. h3 cxd4 12. Nxd4 Rc8 13. Qd3 Be7
14. a4 O-O 15. Ncb5 a6 16. a5 Qc5 17. Nc7 Rxc7 18. Bxc7 Qxc7 19. Qxa6 e5
20. Qe2 Bc5 21. Nf3 e4 22. Nd2 Bxh3 23. gxh3 Qg3+ 0-1

[Event "38th Olympiad w"]
[Site "Dresden GER"]
[Date "2008.11.15"]
[Round "3"]
[White "Dang,D"]
[Black "Officer,A"]
[Result "1-0"]
[WhiteElo "2112"]
[BlackElo "1813"]
[EventDate "2008.11.13"]

1. c4 c6 2. e4 d5 3. exd5 cxd5 4. cxd5 Nf6 5. Nc3 Nxd5 6. Nf3 e6 7. Bc4 Nb6
8. Bb3 N8d7 9. d4 Nf6 10. O-O Be7 11. Ne5 O-O 12. Be3 Nbd5 13. Qe2 a6 14.
Bg5 Qd6 15. Rfe1 b5 16. Nxd5 exd5 17. Rac1 Bb7 18. Ng6 fxg6 19. Qxe7 Qxe7
20. Rxe7 Ne4 21. Rxe4 Rf5 22. Re7 Rxg5 23. Rxb7 Re8 24. Rd7 1-0

[Event "38th Olympiad w"]
[Site "Dresden GER"]
[Date "2008.11.15"]
[Round "3"]
[White "Arribas Robaina,M"]
[Black "Ramirez M.,E"]
[Result "1-0"]
[WhiteElo "2303"]
[BlackElo "2016"]
[EventDate "2008.11.13"]

1. e4 e5 2. Nf3 Nc6 3. Bb5 Nge7 4. d4 exd4 5. Nxd4 g6 6. Nxc6 Nxc6 7. Bxc6
dxc6 8. Qxd8+ Kxd8 9. Nc3 Be6 10. Bg5+ Kc8 11. Bf6 Rg8 12. Ne2 Bc5 13. f3
g5 14. g4 Rg6 15. Bd4 Bb4+ 16. Kf2 Be7 17. h4 gxh4 18. Nf4 Rh6 19. Bg7 Rg6
20. Nxg6 hxg6 21. e5 b6 22. Bf6 Bxf6 23. exf6 g5 24. f4 gxf4 25. Rxh4 Kb7
26. Re1 Bd5 27. b3 b5 28. g5 Rg8 29. Rxf4 c5 30. c4 Bc6 31. Re7 Rf8 32.
Rxf7 1-0

[Event "38th Olympiad w"]
[Site "Dresden GER"]
[Date "2008.11.15"]
[Round "3"]
[White "Cordero,D"]
[Black "Ordaz Valdes,L"]
[Result "*"]
[WhiteElo "1990"]
[BlackElo "2306"]
[EventDate "2008.11.13"]

1. d4 d5 2. Nf3 Nf6 3. c4 e6 4. g3 dxc4 5. Bg2 Nc6 6. O-O Rb8 7. a4 Be7 8.
Na3 Na5 9. Bf4 Nd5 10. Bd2 Nb3 11. Ra2 Nxd2 12. Qxd2 O-O 13. Nxc4 c5 14.
Rd1 Qc7 15. Ne3 Nxe3 16. Qxe3 cxd4 17. Nxd4 Rd8 18. Raa1 Bd7 19. Rac1 Qb6
20. b3 Bc5 21. Rc4 Be8 22. Qc3 Be7 23. a5 Qd6 24. Rc1 Bf6 25. e3 h5 26. Qc2
h4 27. Nf3 Bb5 28. Rc5 Bd3 29. Qa2 Ba6 30. Qc2 Bd3 31. Qa2 hxg3 32. hxg3
Be4 33. R5c4 Bd5 34. R4c2 Qb4 35. Nd2 Bxg2 36. Kxg2 g6 37. Nf3 Rd3 38. a6
Qxb3 39. Rc8+ Rxc8 40. Rxc8+ Kg7 41. axb7 Qxb7 42. Qc2 Rd7 43. Qc5 Rd8 44.
Rc7 Qb6 45. Qxb6 axb6 46. Rb7 Rd6 47. e4 e5 48. Rb8 Rc6 49. Rb7 Rc4 50.
Rxb6 Rxe4 51. Nd2 Rd4 52. Nb3 Rc4 53. Nd2 Ra4 54. Kf3 Ra3+ 55. Kg2 Ra4 56.
Kf3 Bd8 57. Rb7 Kf8 58. Rb5 f6 59. Nf1 Be7 60. Ne3 Rb4 61. Ra5 Rb3 62. Ke2
Kf7 63. Ra7 Rb5 64. Kf3 Ke6 65. Ra6+ Bd6 66. Nc4 Rd5 67. Ne3 Rd4 68. Nc2
Rc4 69. Ne3 Rc3 70. Ke2 f5 71. Kd2 Rc5 72. Kd3 Kd7 73. Ra7+ Rc7 74. Ra8 Bc5
75. Rg8 Bxe3 76. Kxe3 Rc3+ 77. Ke2 Rc6 78. Rg7+ Ke8 79. Ke3 Kf8 80. Ra7
Rc3+ 81. Ke2 e4 82. Rb7 Ra3 83. Kd2 Rf3 84. Ke2 g5 85. Ra7 g4 86. Rb7 e3
87. fxe3 Rxg3 88. Kf2 Rf3+ 89. Ke2 Rh3 90. Rb5 Rh5 91. Rb7 Kg8 92. Kf2 Rh2+
93. Kg3 Rh3+ 94. Kf2 Rh7 95. Rb5 Rf7 96. Kg3 Kh7 97. Kf4 Kg6 98. Rb6+ Rf6
99. Rb5 Kh6 100. Rb1 Kh5 101. Rh1+ Kg6 102. Ra1 Re6 103. Re1 Re4+ 104. Kg3
Kg5 105. Kf2 Ra4 106. Re2 Kh4 107. Kg2 Ra3 108. Rf2 Kg5 109. Re2 Rb3 110.
Kf2 Kh4 111. Kg2 g3 112. Kg1 Kh3 113. Re1 Rb2 114. Kh1 Rh2+ 115. Kg1 g2 *

[Event "38th Olympiad w"]
[Site "Dresden GER"]
[Date "2008.11.15"]
[Round "3"]
[White "Linares Napoles,O"]
[Black "Barrenechea,S"]
[Result "1-0"]
[WhiteElo "2262"]
[BlackElo "1994"]
[EventDate "2008.11.13"]

1. e4 d5 2. exd5 Qxd5 3. Nf3 a6 4. c4 Qd6 5. d4 Bg4 6. Be2 Nf6 7. Nc3 e6 8.
h3 Bh5 9. O-O Be7 10. c5 Qd8 11. Qb3 b6 12. Be3 O-O 13. Rfd1 Nc6 14. cxb6
cxb6 15. d5 exd5 16. Nxd5 Qb8 17. Rac1 Nxd5 18. Qxd5 Bxf3 19. Bxf3 Ne5 20.
Qxa8 Qxa8 21. Bxa8 Rxa8 22. Bxb6 Bf6 23. Rd5 h6 24. Rdc5 Nd7 25. Rc8+ Rxc8
26. Rxc8+ Kh7 27. Ba5 Bxb2 28. Rc7 Ne5 29. Ra7 Nc6 30. Rxa6 Nxa5 31. Rxa5
Kg6 32. Rb5 Bd4 33. a4 Kf6 34. a5 Ke6 35. a6 Kd7 36. Rd5+ 1-0

[Event "38th Olympiad w"]
[Site "Dresden GER"]
[Date "2008.11.15"]
[Round "3"]
[White "Solis,G"]
[Black "Marrero Lopez,Yan"]
[Result "0-1"]
[WhiteElo "1929"]
[BlackElo "2260"]
[EventDate "2008.11.13"]

1. d4 d5 2. c4 e6 3. Nf3 Nf6 4. Nc3 Be7 5. e3 O-O 6. Bd3 b6 7. cxd5 exd5 8.
Qe2 c5 9. O-O Nc6 10. h3 Nb4 11. Rd1 Nxd3 12. Qxd3 c4 13. Qc2 a6 14. a4 Rb8
15. Ne5 Qc7 16. Rb1 b5 17. b4 Bd6 18. Nf3 Qe7 19. axb5 axb5 20. Ng5 g6 21.
e4 dxe4 22. Ngxe4 Bf5 23. f3 Bxb4 24. Bg5 Bxc3 25. Qxc3 Nxe4 26. fxe4 Qxg5
27. exf5 Qxf5 28. Rb2 Rfd8 29. Rf2 Qd5 30. Rb2 Qe4 31. Rbd2 Rd5 32. Rb2
Rbd8 33. Rbd2 Re8 34. Kf2 b4 0-1

[Event "38th Olympiad w"]
[Site "Dresden GER"]
[Date "2008.11.15"]
[Round "3"]
[White "Solomons,A"]
[Black "Rogule,L"]
[Result "0-1"]
[WhiteElo "1908"]
[BlackElo "2260"]
[EventDate "2008.11.13"]

1. d4 d5 2. c4 e6 3. Nc3 Nf6 4. Bg5 Be7 5. Nf3 O-O 6. e3 b6 7. cxd5 exd5 8.
Bd3 Bb7 9. O-O Nbd7 10. Rc1 h6 11. Bf4 c5 12. h3 a6 13. Bf5 c4 14. Ne5 Re8
15. Nxd7 Nxd7 16. Bxh6 g6 17. Bxd7 Qxd7 18. Bf4 b5 19. Qf3 b4 20. Ne2 a5
21. Ra1 a4 22. a3 c3 23. bxc3 b3 24. Rfb1 Rac8 25. Rb2 Ba6 26. g4 Bxe2 27.
Qxe2 Rxc3 28. Kg2 Rec8 29. g5 Rc2 30. Rxc2 Rxc2 31. Qa6 b2 32. Rb1 Bxa3 33.
Qa8+ Bf8 34. Qa6 a3 35. Qd3 Qf5 0-1

[Event "38th Olympiad w"]
[Site "Dresden GER"]
[Date "2008.11.15"]
[Round "3"]
[White "De Jager,C"]
[Black "Skinke,K"]
[Result "0-1"]
[WhiteElo "1800"]
[BlackElo "2186"]
[EventDate "2008.11.13"]

1. c4 Nf6 2. Nc3 g6 3. g3 Bg7 4. Bg2 d6 5. Nf3 O-O 6. O-O Nc6 7. d3 e5 8.
a3 h6 9. h3 Be6 10. Be3 Nd7 11. Ne1 f5 12. f4 Nf6 13. Qd2 Kh7 14. b4 Nh5
15. b5 Nd4 16. Rb1 Nxg3 17. Rf2 Rb8 18. Nf3 Nh5 19. Bxd4 exd4 20. Nd1 d5
21. Nb2 Qd6 22. cxd5 Bxd5 23. Nc4 Bxc4 24. dxc4 Qxf4 25. Rd1 Rbd8 26. Rff1
Qg3 27. Qe1 Rfe8 28. Rd3 Qxe1 29. Rxe1 Nf4 30. Rd2 Re3 31. a4 Rde8 32. Kf2
d3 33. Bf1 Bc3 0-1

[Event "38th Olympiad w"]
[Site "Dresden GER"]
[Date "2008.11.15"]
[Round "3"]
[White "Ni,V"]
[Black "Sischy,M"]
[Result "0-1"]
[WhiteElo "2168"]
[BlackElo "1965"]
[EventDate "2008.11.13"]

1. d4 Nf6 2. c4 g6 3. Nc3 Bg7 4. e4 d6 5. Nf3 O-O 6. h3 e5 7. d5 a5 8. Bg5
Na6 9. Nd2 c6 10. a3 Bd7 11. Rb1 h6 12. Be3 Rc8 13. Be2 Nh7 14. g4 f5 15.
gxf5 gxf5 16. exf5 Bxf5 17. Nde4 Nf6 18. Bd3 Nxe4 19. Bxe4 Nc5 20. Bxf5
Rxf5 21. Qg4 Qf8 22. Rd1 e4 23. Bxc5 dxc5 24. dxc6 Rxc6 25. Rd7 Rg5 26. Qe2
Rg2 27. Nd5 Re6 28. Ne3 Rg5 29. h4 Rgg6 30. Qh5 Bxb2 31. Nd5 Rg2 32. Rf1
Bd4 33. Ne3 Rgg6 34. Qd5 Bc3+ 35. Kd1 Kh8 36. Rd8 Re8 37. Rxe8 Qxe8 38.
Qxc5 Qd7+ 39. Nd5 Qh3 40. Ne3 Qd7+ 41. Nd5 Rd6 42. Kc2 Bg7 43. Qxa5 Rc6 44.
Qb5 Qg4 45. Kb1 Qe2 46. Rc1 Qd3+ 47. Ka2 Qe2+ 48. Kb1 Ra6 49. Qxb7 Qd3+ 50.
Rc2 Qxa3 51. Qc8+ Bf8 52. Rb2 Qd3+ 53. Rc2 Qd1+ 54. Kb2 Qa1+ 0-1

[Event "38th Olympiad w"]
[Site "Dresden GER"]
[Date "2008.11.15"]
[Round "3"]
[White "Mamedjarova,Z"]
[Black "Mezioud,A"]
[Result "1-0"]
[WhiteElo "2351"]
[BlackElo "2028"]
[EventDate "2008.11.13"]

1. Nf3 Nf6 2. c4 d6 3. d4 Nbd7 4. g3 e5 5. Bg2 Be7 6. O-O c6 7. Nc3 O-O 8.
e4 Re8 9. Re1 Bf8 10. h3 a5 11. Bg5 Qc7 12. Qd2 h6 13. Be3 exd4 14. Nxd4
Nc5 15. Qc2 Bd7 16. Rad1 Rad8 17. a3 g6 18. Bf4 Nh5 19. Be3 Nf6 20. g4 Ne6
21. Nxe6 Bxe6 22. Na4 c5 23. b3 Bd7 24. Nc3 Bc6 25. Bf4 Kh7 26. a4 Nd7 27.
Qd2 Ne5 28. g5 hxg5 29. Bxg5 Be7 30. Bxe7 Rxe7 31. f4 Nd7 32. Qxd6 Qxd6 33.
Rxd6 Rde8 34. e5 Nb8 35. Bxc6 bxc6 36. Ne4 Kg7 37. Nxc5 g5 38. Nd3 gxf4 39.
Kf2 Rd7 40. Nxf4 Rxd6 41. exd6 Rxe1 42. Kxe1 Nd7 43. h4 Kf6 44. h5 Kg5 45.
Ke2 f5 46. Ke3 c5 47. Nd3 Kxh5 48. Kf4 1-0

[Event "38th Olympiad w"]
[Site "Dresden GER"]
[Date "2008.11.15"]
[Round "3"]
[White "Hamza,A"]
[Black "Mamedjarova,T"]
[Result "1-0"]
[WhiteElo "1880"]
[BlackElo "2269"]
[EventDate "2008.11.13"]

1. d4 d5 2. c4 e6 3. Nc3 Nf6 4. Bg5 Be7 5. Nf3 c6 6. e3 Ne4 7. Bxe7 Qxe7 8.
cxd5 exd5 9. Bd3 Bg4 10. Qc2 Nxc3 11. bxc3 h6 12. Ne5 Bc8 13. O-O O-O 14.
Rae1 Nd7 15. f4 Nxe5 16. fxe5 Be6 17. e4 Rad8 18. Re3 c5 19. exd5 Rxd5 20.
Rf6 gxf6 21. Rg3+ Kh8 22. Qd2 1-0

[Event "38th Olympiad w"]
[Site "Dresden GER"]
[Date "2008.11.15"]
[Round "3"]
[White "Isgandarova,K"]
[Black "Latreche,S"]
[Result "1-0"]
[WhiteElo "2206"]
[BlackElo "2015"]
[EventDate "2008.11.13"]

1. e4 e5 2. Nf3 Nc6 3. Bc4 Bc5 4. c3 Nf6 5. d3 h6 6. Nbd2 d6 7. Bb3 a6 8.
h3 O-O 9. Nf1 Nh5 10. Ne3 Nf4 11. O-O Qf6 12. Nd5 Nxd5 13. Bxd5 Ne7 14. d4
Ba7 15. Kh1 Nxd5 16. dxe5 Nxc3 17. Qc2 dxe5 18. Qxc3 c6 19. Nxe5 Re8 20. f4
Bb8 21. Nc4 Qxc3 22. bxc3 Bc7 23. e5 Bf5 24. Rd1 Rad8 25. Ba3 Bc2 26. Rdc1
Bd3 27. Nd6 Bxd6 28. exd6 Re4 29. Rd1 Bc2 30. Rd2 Ra4 31. Rxc2 Rxa3 32. Rd1
Ra4 33. Re2 Rxf4 34. d7 Kf8 35. Rde1 1-0

[Event "38th Olympiad w"]
[Site "Dresden GER"]
[Date "2008.11.15"]
[Round "3"]
[White "Latreche,K"]
[Black "Kazimova,N"]
[Result "0-1"]
[WhiteElo "1819"]
[BlackElo "2171"]
[EventDate "2008.11.13"]

1. e4 c5 2. Nf3 d6 3. d4 cxd4 4. Nxd4 Nf6 5. Nc3 a6 6. a4 b6 7. Be2 e6 8.
Be3 Bb7 9. f3 Be7 10. O-O O-O 11. Qe1 Qc7 12. Rd1 Nbd7 13. Qf2 Rfd8 14. g4
Nc5 15. Qg3 g6 16. Rd2 e5 17. Nb3 d5 18. exd5 Nxb3 19. cxb3 Nxd5 20. Nxd5
Bxd5 21. Bd1 Rac8 22. Kh1 Bc5 23. Bg5 Be7 24. Be3 Be6 25. Qf2 Rxd2 26. Qxd2
Qc6 27. Be2 Bxg4 28. Bxb6 Bh3 29. Bxa6 Bxf1 30. Bxc8 Qxb6 31. Qd1 Qf2 0-1